<?xml version="1.0" encoding="UTF-8"?>
<record
    xmlns:xsi="http://www.w3.org/2001/XMLSchema-instance"
    xsi:schemaLocation="http://www.loc.gov/MARC21/slim http://www.loc.gov/standards/marcxml/schema/MARC21slim.xsd"
    xmlns="http://www.loc.gov/MARC21/slim">

  <leader>01418nam a22002417a 4500</leader>
  <controlfield tag="005">20250911095529.0</controlfield>
  <controlfield tag="008">241205b           ||||| |||| 00| 0 eng d</controlfield>
  <datafield tag="020" ind1=" " ind2=" ">
    <subfield code="a">9788198471475</subfield>
  </datafield>
  <datafield tag="040" ind1=" " ind2=" ">
    <subfield code="c">AL</subfield>
  </datafield>
  <datafield tag="041" ind1=" " ind2=" ">
    <subfield code="a">eng</subfield>
  </datafield>
  <datafield tag="082" ind1=" " ind2=" ">
    <subfield code="2">23</subfield>
    <subfield code="a">348.023054</subfield>
    <subfield code="b">BASB</subfield>
  </datafield>
  <datafield tag="100" ind1=" " ind2=" ">
    <subfield code="a">Basu</subfield>
    <subfield code="9">187899</subfield>
  </datafield>
  <datafield tag="245" ind1=" " ind2=" ">
    <subfield code="a">Basus textbook on bharatiya nyaya sanhita Ed 17</subfield>
  </datafield>
  <datafield tag="250" ind1=" " ind2=" ">
    <subfield code="a">17</subfield>
  </datafield>
  <datafield tag="260" ind1=" " ind2=" ">
    <subfield code="a">New Delhi</subfield>
    <subfield code="b">Whytes and Co.</subfield>
    <subfield code="c">2025</subfield>
  </datafield>
  <datafield tag="300" ind1=" " ind2=" ">
    <subfield code="a">cxv,1089p</subfield>
    <subfield code="b">PB</subfield>
    <subfield code="c">24x16cm.</subfield>
  </datafield>
  <datafield tag="365" ind1=" " ind2=" ">
    <subfield code="2">General</subfield>
    <subfield code="a">1060</subfield>
    <subfield code="b">&#x20B9;861.40</subfield>
    <subfield code="c">&#x20B9;</subfield>
    <subfield code="d">&#x20B9;1180.00</subfield>
    <subfield code="e">27%</subfield>
    <subfield code="f">28-11-2024</subfield>
  </datafield>
  <datafield tag="520" ind1=" " ind2=" ">
    <subfield code="a">This authoritative text provides a comprehensive commentary on the Bharatiya Nyaya Sanhita (BNS), 2023 - the modern criminal code replacing the Indian Penal Code (IPC), 1860.
Key Features:
Full text of the Bharatiya Nyaya Sanhita, 2023
Detailed, section-wise commentary and analysis
Comparative insights highlighting changes from the IPC
Judgments from the Supreme Court and High Courts for better legal context
QES (Quick Examination Study) for rapid revision and conceptual clarity, especially useful for students and exam aspirants
This book is ideal for law students, judicial service aspirants, practicing advocates, academicians, and researchers seeking a thorough understanding of Indian criminal law reform.</subfield>
  </datafield>
  <datafield tag="650" ind1=" " ind2=" ">
    <subfield code="9">187900</subfield>
    <subfield code="a">Cases, Laws, Regulations</subfield>
  </datafield>
  <datafield tag="650" ind1=" " ind2=" ">
    <subfield code="a">Repealing Indian Penal Code 1860</subfield>
    <subfield code="9">238549</subfield>
  </datafield>
  <datafield tag="651" ind1=" " ind2=" ">
    <subfield code="a">QES </subfield>
    <subfield code="9">238550</subfield>
  </datafield>
  <datafield tag="942" ind1=" " ind2=" ">
    <subfield code="2">ddc</subfield>
    <subfield code="c">BK</subfield>
  </datafield>
  <datafield tag="999" ind1=" " ind2=" ">
    <subfield code="c">232109</subfield>
    <subfield code="d">232109</subfield>
  </datafield>
  <datafield tag="952" ind1=" " ind2=" ">
    <subfield code="0">0</subfield>
    <subfield code="1">0</subfield>
    <subfield code="2">ddc</subfield>
    <subfield code="4">0</subfield>
    <subfield code="7">0</subfield>
    <subfield code="8">Law</subfield>
    <subfield code="a">LL</subfield>
    <subfield code="b">LL</subfield>
    <subfield code="d">2024-12-04</subfield>
    <subfield code="e">MPP House, Bengaluru</subfield>
    <subfield code="g">861.40</subfield>
    <subfield code="l">0</subfield>
    <subfield code="o">348.023054 BASB</subfield>
    <subfield code="p">LL000389</subfield>
    <subfield code="r">2024-12-05 00:00:00</subfield>
    <subfield code="v">1180.00</subfield>
    <subfield code="w">2024-12-05</subfield>
    <subfield code="y">BK</subfield>
  </datafield>
  <datafield tag="952" ind1=" " ind2=" ">
    <subfield code="0">0</subfield>
    <subfield code="1">0</subfield>
    <subfield code="2">ddc</subfield>
    <subfield code="4">0</subfield>
    <subfield code="7">0</subfield>
    <subfield code="8">Law</subfield>
    <subfield code="a">LL</subfield>
    <subfield code="b">LL</subfield>
    <subfield code="d">2024-12-04</subfield>
    <subfield code="e">MPP House, Bengaluru</subfield>
    <subfield code="g">861.40</subfield>
    <subfield code="l">0</subfield>
    <subfield code="o">348.023054 BASB</subfield>
    <subfield code="p">LL000390</subfield>
    <subfield code="r">2024-12-05 00:00:00</subfield>
    <subfield code="v">1180.00</subfield>
    <subfield code="w">2024-12-05</subfield>
    <subfield code="y">BK</subfield>
  </datafield>
  <datafield tag="952" ind1=" " ind2=" ">
    <subfield code="0">0</subfield>
    <subfield code="1">0</subfield>
    <subfield code="2">ddc</subfield>
    <subfield code="4">0</subfield>
    <subfield code="7">0</subfield>
    <subfield code="8">Law</subfield>
    <subfield code="a">LL</subfield>
    <subfield code="b">LL</subfield>
    <subfield code="d">2024-12-04</subfield>
    <subfield code="e">MPP House, Bengaluru</subfield>
    <subfield code="g">861.40</subfield>
    <subfield code="l">0</subfield>
    <subfield code="o">348.023054 BASB</subfield>
    <subfield code="p">LL000391</subfield>
    <subfield code="r">2024-12-05 00:00:00</subfield>
    <subfield code="v">1180.00</subfield>
    <subfield code="w">2024-12-05</subfield>
    <subfield code="y">BK</subfield>
  </datafield>
  <datafield tag="952" ind1=" " ind2=" ">
    <subfield code="0">0</subfield>
    <subfield code="1">0</subfield>
    <subfield code="2">ddc</subfield>
    <subfield code="4">0</subfield>
    <subfield code="7">0</subfield>
    <subfield code="8">Law</subfield>
    <subfield code="a">LL</subfield>
    <subfield code="b">LL</subfield>
    <subfield code="d">2025-09-03</subfield>
    <subfield code="e">MPP House, Law Book Publishers, Bengaluru-560009</subfield>
    <subfield code="g">885.00</subfield>
    <subfield code="l">0</subfield>
    <subfield code="o">348.023054 BASB</subfield>
    <subfield code="p">LL002482</subfield>
    <subfield code="r">2025-09-11 09:43:55</subfield>
    <subfield code="v">1180.00</subfield>
    <subfield code="w">2025-09-11</subfield>
    <subfield code="y">BK</subfield>
  </datafield>
  <datafield tag="952" ind1=" " ind2=" ">
    <subfield code="0">0</subfield>
    <subfield code="1">0</subfield>
    <subfield code="2">ddc</subfield>
    <subfield code="4">0</subfield>
    <subfield code="7">0</subfield>
    <subfield code="8">Law</subfield>
    <subfield code="a">LL</subfield>
    <subfield code="b">LL</subfield>
    <subfield code="d">2025-09-03</subfield>
    <subfield code="e">MPP House, Law Book Publishers, Bengaluru-560009</subfield>
    <subfield code="g">885.00</subfield>
    <subfield code="l">0</subfield>
    <subfield code="o">348.023054 BASB</subfield>
    <subfield code="p">LL002483</subfield>
    <subfield code="r">2025-09-11 09:43:55</subfield>
    <subfield code="v">1180.00</subfield>
    <subfield code="w">2025-09-11</subfield>
    <subfield code="y">BK</subfield>
  </datafield>
</record>
